000
00237nam a22001097a 4500
082
_a
621.388 KIV,T
100
_a
KIVER, MILTON S.
_9
41682
245
_a
TELEVISION SIMPLIFIED
250
_a
6
260
_b
VAN NOSTRAND
_c
1962
942
_c
BK
999
_c
566971
_d
566971